000 00314nam a22001337a 4500
008 170613b xxu||||| |||| 00| 0 eng d
020 _a9780521565875
041 _aeng
080 _a327
100 _a19
101 _aSHP
245 _aINTERNATIONALIZATION AND DOMESTIC POLITICS
_cKEOHANE,R.O
942 _2udc
_cBK
999 _c17220
_d17220